[Event "CCSCSL IM"]
[Site "Saint Louis USA"]
[Date "2014.05.28"]
[Round "1.4"]
[White "Ross, Dave"]
[Black "Burnett, Ronald"]
[Result "1/2-1/2"]
[WhiteElo "2291"]
[BlackElo "2344"]
[PlyCount "47"]
[GameId "2130307671282739"]
[EventDate "2014.05.28"]
[EventType "tourn"]
[EventRounds "9"]
[EventCountry "USA"]
[EventCategory "3"]
[SourceTitle "10 Days #401"]
[Source "Chess Mix"]

1. Nf3 g6 2. e4 d6 3. d4 Bg7 4. Nc3 c6 5. h3 b5 6. a3 Qc7 7. Be3 a6 8. Be2 Nd7 9. O-O Ngf6 10. Qd2 Bb7 11. Bh6 O-O 12. Bxg7 Kxg7 13. Rfe1 Rad8 14. Bf1 e5 15. Rad1 c5 16. d5 h6 17. g3 b4 18. Nb1 Rb8 19. c3 bxc3 20. Qxc3 a5 21. Nbd2 Ra8 22. b3 Ba6 23. Bxa6 Rxa6 24. Kg2 1/2-1/2

[Event "CCSCSL IM"]
[Site "Saint Louis USA"]
[Date "2014.05.28"]
[Round "2.3"]
[White "Bregadze, Levan"]
[Black "Ross, Dave"]
[Result "1/2-1/2"]
[WhiteElo "2428"]
[BlackElo "2291"]
[PlyCount "164"]
[GameId "2130307671282743"]
[EventDate "2014.05.28"]
[EventType "tourn"]
[EventRounds "9"]
[EventCountry "USA"]
[EventCategory "3"]
[SourceTitle "10 Days #401"]
[Source "Chess Mix"]

1. Nf3 d5 2. c4 e6 3. g3 Nf6 4. Bg2 c5 5. O-O Nc6 6. b3 Be7 7. Bb2 d4 8. e3 e5 9. exd4 exd4 10. d3 O-O 11. Re1 Re8 12. Na3 h6 13. Nc2 a5 14. a3 Bf5 15. Ne5 Nxe5 16. Rxe5 Bg4 17. Bf3 Bxf3 18. Qxf3 Qd7 19. Rae1 Bd6 20. Rxe8+ Rxe8 21. Rxe8+ Nxe8 22. b4 axb4 23. axb4 b6 24. Qa8 Kh7 25. Na3 Nf6 26. Nb5 Be7 27. bxc5 bxc5 28. Qf3 Qg4 29. Kg2 Qg6 30. Bc1 Nd7 31. Bf4 Nf8 32. Nc7 Ne6 33. Nd5 Bf8 34. h4 h5 35. Bb8 Kg8 36. Be5 Kh7 37. Kh2 Kg8 38. Nb6 Qg4 39. Kg2 Qg6 40. Nd7 Be7 41. Qa8+ Nf8 42. Bf4 Qe6 43. Nxf8 Bxf8 44. Qf3 Qf5 45. Bc7 Qc8 46. Be5 Qg4 47. Qa8 Qe6 48. Bf4 f5 49. Qf3 g6 50. Qb7 Qe7 51. Qd5+ Qf7 52. Qc6 Kh7 53. Be5 Qe7 54. Qd5 Qa7 55. Bf6 Bg7 56. Bd8 Qa3 57. Qd7 Kg8 58. Qd5+ Kh7 59. Qf3 Qa7 60. Bg5 Qf7 61. Qc6 Bf8 62. Bf6 Kg8 63. Be5 Kh7 64. Kh2 Qe7 65. Bf6 Qf7 66. Bg5 Kg8 67. Qc8 Kh7 68. Bf4 Qe7 69. Kg2 Kg7 70. Bg5 Qf7 71. Qd8 Qb7+ 72. Kh2 Qf7 73. Bf4 Qe7 74. Qb8 Qe2 75. Be5+ Kf7 76. Qb7+ Be7 77. Qd5+ Ke8 78. Kg1 Qd1+ 79. Kh2 Qe2 80. Qa8+ Kf7 81. Qd5+ Ke8 82. Kg2 Qxd3 1/2-1/2

[Event "CCSCSL IM"]
[Site "Saint Louis USA"]
[Date "2014.05.29"]
[Round "3.3"]
[White "Ross, Dave"]
[Black "Young, Angelo"]
[Result "1/2-1/2"]
[WhiteElo "2291"]
[BlackElo "2335"]
[PlyCount "83"]
[GameId "2130307671282748"]
[EventDate "2014.05.28"]
[EventType "tourn"]
[EventRounds "9"]
[EventCountry "USA"]
[EventCategory "3"]
[SourceTitle "10 Days #401"]
[Source "Chess Mix"]

1. b3 d6 2. Bb2 Nd7 3. c4 Ngf6 4. g3 g6 5. Bg2 Bg7 6. d3 O-O 7. Nf3 e5 8. O-O Nh5 9. e4 Nc5 10. Nc3 a5 11. d4 exd4 12. Nxd4 a4 13. bxa4 Bd7 14. a5 Re8 15. Nb3 Bc6 16. f3 Qg5 17. f4 Qe7 18. Re1 Qe6 19. Qe2 f5 20. Nxc5 Bd4+ 21. Kh1 dxc5 22. Nd5 fxe4 23. Bxd4 cxd4 24. Qxe4 Qxe4 25. Rxe4 Rxe4 26. Bxe4 Rxa5 27. Rd1 Rxa2 28. Ne7+ Kf7 29. Nxc6 bxc6 30. Rxd4 Nf6 31. Bxc6 Ng4 32. Rd7+ Kg8 33. h3 Rh2+ 34. Kg1 Rxh3 35. Bd5+ Kh8 36. Kg2 Rh2+ 37. Kg1 Rc2 38. Be6 Rc1+ 39. Kg2 Ne3+ 40. Kf2 Nxc4 41. Rxc7 Rc2+ 42. Kg1 1/2-1/2

[Event "CCSCSL IM"]
[Site "Saint Louis USA"]
[Date "2014.05.29"]
[Round "4.4"]
[White "Ni, Viktorija"]
[Black "Ross, Dave"]
[Result "1/2-1/2"]
[WhiteElo "2206"]
[BlackElo "2291"]
[PlyCount "42"]
[GameId "2130307671282754"]
[EventDate "2014.05.28"]
[EventType "tourn"]
[EventRounds "9"]
[EventCountry "USA"]
[EventCategory "3"]
[SourceTitle "10 Days #401"]
[Source "Chess Mix"]

1. Nf3 d5 2. c4 e6 3. g3 Nf6 4. Bg2 c5 5. O-O Nc6 6. cxd5 exd5 7. d4 Be7 8. Nc3 O-O 9. dxc5 Bxc5 10. Bg5 d4 11. Ne4 Be7 12. Bxf6 Bxf6 13. b4 Nxb4 14. Nxf6+ Qxf6 15. Qxd4 Qe7 16. Qe5 Qxe5 17. Nxe5 Be6 18. Rab1 Nxa2 19. Rxb7 Nc3 20. Nc6 Nxe2+ 21. Kh1 Kh8 1/2-1/2

[Event "CCSCSL IM"]
[Site "Saint Louis USA"]
[Date "2014.05.30"]
[Round "5.2"]
[White "Ross, Dave"]
[Black "Homa, Seth"]
[Result "1/2-1/2"]
[WhiteElo "2291"]
[BlackElo "2331"]
[PlyCount "77"]
[GameId "2130307671282757"]
[EventDate "2014.05.28"]
[EventType "tourn"]
[EventRounds "9"]
[EventCountry "USA"]
[EventCategory "3"]
[SourceTitle "10 Days #401"]
[Source "Chess Mix"]

1. d4 Nf6 2. Nf3 g6 3. c4 Bg7 4. g3 d5 5. cxd5 Nxd5 6. Bg2 Nb6 7. O-O Nc6 8. e3 O-O 9. Nc3 Re8 10. b3 e5 11. Nxe5 Nxe5 12. dxe5 Bxe5 13. Bb2 Qe7 14. Qc1 c6 15. Ne4 Nd5 16. Bxe5 Qxe5 17. Qc5 Nb6 18. Rad1 Qxc5 19. Nxc5 Kf8 20. Rd4 Re5 21. Rc1 Ke7 22. f4 Rxe3 23. Kf2 Re6 24. Nxe6 Bxe6 25. Re1 Kf6 26. Red1 a5 27. R1d2 Ra7 28. Bf3 h5 29. Kg2 a4 30. Rb4 axb3 31. axb3 Nd5 32. Bxd5 Bxd5+ 33. Kf2 b5 34. Rxb5 cxb5 35. Rxd5 Ra2+ 36. Kf3 Rxh2 37. Rxb5 Rb2 38. g4 hxg4+ 39. Kxg4 1/2-1/2

[Event "CCSCSL IM"]
[Site "Saint Louis USA"]
[Date "2014.05.31"]
[Round "7.1"]
[White "Ross, Dave"]
[Black "Vibbert, Sean"]
[Result "1/2-1/2"]
[WhiteElo "2291"]
[BlackElo "2316"]
[PlyCount "43"]
[GameId "2130307671282765"]
[EventDate "2014.05.28"]
[EventType "tourn"]
[EventRounds "9"]
[EventCountry "USA"]
[EventCategory "3"]
[SourceTitle "10 Days #401"]
[Source "Chess Mix"]

1. c4 c5 2. Nc3 Nc6 3. g3 g6 4. Bg2 Bg7 5. e3 e5 6. Nge2 Nge7 7. a3 O-O 8. Rb1 a5 9. d3 d6 10. O-O Rb8 11. Bd2 Be6 12. Nd5 b5 13. Nxe7+ Nxe7 14. cxb5 Rxb5 15. b4 axb4 16. axb4 cxb4 17. Qa4 Ra5 18. Qxb4 Ra2 19. Rb2 Rxb2 20. Qxb2 Qd7 21. Rb1 Rc8 22. Rc1 1/2-1/2

[Event "CCSCSL IM"]
[Site "Saint Louis USA"]
[Date "2014.05.31"]
[Round "8.5"]
[White "Ross, Dave"]
[Black "Sharma, Arun"]
[Result "1-0"]
[WhiteElo "2291"]
[BlackElo "2383"]
[PlyCount "71"]
[GameId "2130307671282774"]
[EventDate "2014.05.28"]
[EventType "tourn"]
[EventRounds "9"]
[EventCountry "USA"]
[EventCategory "3"]
[SourceTitle "10 Days #401"]
[Source "Chess Mix"]

1. d4 Nf6 2. Nf3 e6 3. c4 c5 4. e3 cxd4 5. exd4 d5 6. Nc3 Nc6 7. cxd5 Nxd5 8. Bd3 Be7 9. O-O O-O 10. Re1 Re8 11. Nxd5 exd5 12. h3 Be6 13. Bd2 Qd7 14. Bc3 Bf6 15. Qb3 a6 16. Re3 b5 17. a3 Bf5 18. Rae1 Bxd3 19. Qxd5 Rxe3 20. Qxd7 Rxe1+ 21. Nxe1 Be4 22. d5 Nd4 23. Qg4 Re8 24. Qd1 Bxd5 25. Bxd4 Bxd4 26. Qxd4 Rxe1+ 27. Kh2 Bc6 28. Qb6 Re6 29. Qxa6 h5 30. b3 Kh7 31. a4 Be8 32. Qa5 bxa4 33. bxa4 g6 34. Qb4 Bd7 35. a5 Bc8 36. Qf8 1-0

[Event "CCSCSL IM"]
[Site "Saint Louis USA"]
[Date "2014.06.01"]
[Round "9.2"]
[White "Aripov, Iskandar"]
[Black "Ross, Dave"]
[Result "1/2-1/2"]
[WhiteElo "2231"]
[BlackElo "2291"]
[PlyCount "31"]
[GameId "2130307671282776"]
[EventDate "2014.05.28"]
[EventType "tourn"]
[EventRounds "9"]
[EventCountry "USA"]
[EventCategory "3"]
[SourceTitle "10 Days #401"]
[Source "Chess Mix"]

1. d4 e6 2. c4 f5 3. g3 Nf6 4. Bg2 c6 5. Nf3 d5 6. O-O Bd6 7. b3 Qe7 8. a4 a5 9. Ba3 Bxa3 10. Nxa3 Na6 11. Ne5 Nb4 12. Nc2 Nxc2 13. Qxc2 O-O 14. c5 Nd7 15. Nxd7 Bxd7 16. f4 1/2-1/2

[Event "Memorial Day Classic"]
[Site "Los Angeles USA"]
[Date "1985.05.??"]
[Round "?"]
[White "Ross, Dave"]
[Black "Shirazi, Kamran"]
[Result "1-0"]
[WhiteElo "2350"]
[BlackElo "2400"]
[PlyCount "63"]
[GameId "2129405209290969"]
[EventDate "1985.05.??"]
[EventType "swiss"]
[EventRounds "6"]
[EventCountry "USA"]
[SourceTitle "CFC 1986.06"]

1. d4 Nf6 2. c4 c5 3. e3 b6 4. Nf3 e6 5. Be2 Be7 6. O-O O-O 7. b3 Bb7 8. Bb2 d6 9. Nc3 a6 10. dxc5 bxc5 11. Qc2 Nc6 12. Rad1 Qc7 13. Qb1 Rad8 14. Rd2 Rfe8 15. Rfd1 h6 16. h3 Bf8 17. Na4 Qe7 18. Nc3 Nh7 19. Ne4 Qc7 20. Bd3 f5 21. Ng3 Qf7 22. Bc3 Ba8 23. e4 f4 24. e5 fxg3 25. Bxh7+ Kh8 26. Bg6 Qd7 27. Bxe8 gxf2+ 28. Rxf2 Rxe8 29. exd6 Kg8 30. Qg6 e5 31. Rdf1 Re6 32. Ng5 1-0

[Event "Memorial Day Classic"]
[Site "Los Angeles USA"]
[Date "1985.05.??"]
[Round "?"]
[White "Strauss, David"]
[Black "Ross, Dave"]
[Result "0-1"]
[WhiteElo "2400"]
[BlackElo "2350"]
[PlyCount "46"]
[GameId "2129405209290970"]
[EventDate "1985.05.??"]
[EventType "swiss"]
[EventRounds "6"]
[EventCountry "USA"]
[SourceTitle "CFC 1986.06"]

1. c4 Nf6 2. Nc3 c5 3. Nf3 e6 4. g3 d5 5. cxd5 exd5 6. d4 Nc6 7. Bg2 Be7 8. O-O O-O 9. Bg5 cxd4 10. Nxd4 Re8 11. Rc1 Bg4 12. h3 Be6 13. Nxe6 fxe6 14. Qa4 Qb6 15. b3 Rac8 16. Rfd1 Bc5 17. e3 Be7 18. e4 d4 19. e5 Nd7 20. Bxe7 Rxe7 21. Nb5 Ndxe5 22. Nxd4 Rf8 23. Qb5 Nf3+ 0-1

[Event "NWC June op"]
[Site "Seattle"]
[Date "1986.??.??"]
[Round "?"]
[White "Ross, Dave"]
[Black "Harmon, Clark R"]
[Result "1-0"]
[WhiteElo "2255"]
[BlackElo "2235"]
[PlyCount "88"]
[GameId "1166636020867072"]
[EventDate "1986.06.??"]
[EventType "swiss"]
[EventRounds "5"]
[EventCountry "USA"]
[SourceTitle "EXT 2004"]
[Source "ChessBase"]
[SourceDate "2003.11.25"]
[SourceVersion "1"]
[SourceVersionDate "2003.11.25"]
[SourceQuality "1"]

1. d4 Nf6 2. c4 g6 3. Nc3 Bg7 4. e4 d6 5. Be2 O-O 6. Nf3 e5 7. Be3 Nc6 8. d5 Ne7 9. Nd2 Ne8 10. O-O f5 11. f3 f4 12. Bf2 g5 13. b4 Nf6 14. c5 h5 15. Nc4 g4 16. Rc1 a6 17. cxd6 cxd6 18. Bb6 Qd7 19. Qa4 Qxa4 20. Nxa4 Bd7 21. Nc3 Ne8 22. Na5 Rb8 23. a4 Nc8 24. Bf2 Rf7 25. b5 axb5 26. axb5 Bf6 27. b6 Rg7 28. Rc2 Ne7 29. Kh1 g3 30. hxg3 fxg3 31. Be3 Ng6 32. Bb5 Nf4 33. Bxd7 Rxd7 34. Ne2 Nxe2 35. Rxe2 Ra8 36. Ra2 Ng7 37. Rfa1 Rc8 38. Rc1 Ra8 39. Rcc2 Kf7 40. Nc6 Rxa2 41. Rxa2 h4 42. Ra7 Kg6 43. Na5 Rd8 44. Rxb7 Ra8 1-0

[Event "Futurity"]
[Site "Olympia"]
[Date "1987.??.??"]
[Round "?"]
[White "Ross, Dave"]
[Black "Pupols, Viktors"]
[Result "0-1"]
[WhiteElo "2290"]
[BlackElo "2260"]
[PlyCount "77"]
[GameId "1165997316653056"]
[EventDate "1987.??.??"]
[EventType "swiss"]
[EventRounds "5"]
[EventCountry "USA"]
[SourceTitle "EXT 2004"]
[Source "ChessBase"]
[SourceDate "2003.11.25"]
[SourceVersion "1"]
[SourceVersionDate "2003.11.25"]
[SourceQuality "1"]

1. e4 e5 2. Bc4 Bc5 3. Nf3 Nc6 4. d3 Nf6 5. c3 d6 6. Bb3 Bg4 7. h3 Bh5 8. Nbd2 Qe7 9. Qe2 O-O-O 10. Bc2 d5 11. b4 dxe4 12. dxe4 Bxb4 13. cxb4 Nd4 14. Qd1 Bxf3 15. gxf3 Nh5 16. a3 Nf4 17. Nc4 Nb5 18. Bd2 Rd4 19. Bb3 Rhd8 20. Qc2 Nd3+ 21. Kf1 Kb8 22. Be3 R4d7 23. Rg1 Nf4 24. Bxf4 exf4 25. Ba4 Nd4 26. Qc3 c6 27. Na5 Rd6 28. Rg4 g5 29. Rd1 f6 30. Nc4 Nb5 31. Qa1 Rxd1+ 32. Bxd1 Qe6 33. Bb3 Nd4 34. Qd1 Qd7 35. Ba2 h5 36. Rg2 Qxh3 37. e5 fxe5 38. Nxe5 g4 39. Kg1 0-1

[Event "Val Thorens op 13th"]
[Site "Val Thorens"]
[Date "1988.??.??"]
[Round "?"]
[White "Ross, Dave"]
[Black "Reicher, Emanoil"]
[Result "0-1"]
[WhiteElo "2320"]
[BlackElo "2310"]
[PlyCount "66"]
[GameId "1166636339331072"]
[EventDate "1988.07.??"]
[EventType "swiss"]
[EventRounds "9"]
[EventCountry "FRA"]
[SourceTitle "EXT 2005"]
[Source "ChessBase"]
[SourceDate "2004.11.15"]
[SourceVersion "1"]
[SourceVersionDate "2004.11.15"]
[SourceQuality "1"]

1. e4 e6 2. d4 d5 3. Nd2 Nf6 4. e5 Nfd7 5. f4 c5 6. c3 Nc6 7. Ndf3 Qb6 8. g3 a5 9. Ne2 a4 10. a3 Ndb8 11. g4 Bd7 12. Qc2 Na5 13. f5 Nb3 14. Rb1 Nc6 15. Be3 Rc8 16. Qd3 Nca5 17. f6 gxf6 18. exf6 Nc4 19. Bf2 Bb5 20. Qd1 Qd8 21. g5 h6 22. Nc1 Nxc1 23. Rxc1 hxg5 24. Bxc4 dxc4 25. O-O Qd5 26. dxc5 Bc6 27. Qxd5 Bxd5 28. Nxg5 Rh5 29. h4 Bh6 30. Rce1 Bxg5 31. Re5 Rxh4 32. Bxh4 Bxh4 33. Rh5 Bg3 0-1

[Event "NWC August op"]
[Site "Seattle"]
[Date "1988.??.??"]
[Round "?"]
[White "Braley, John"]
[Black "Ross, Dave"]
[Result "1-0"]
[WhiteElo "2200"]
[BlackElo "2325"]
[PlyCount "85"]
[GameId "1166636344606720"]
[EventDate "1988.08.??"]
[EventType "swiss"]
[EventRounds "5"]
[EventCountry "USA"]
[SourceTitle "EXT 2004"]
[Source "ChessBase"]
[SourceDate "2003.11.25"]
[SourceVersion "1"]
[SourceVersionDate "2003.11.25"]
[SourceQuality "1"]

1. g3 c5 2. Bg2 Nf6 3. e4 Nc6 4. c4 g6 5. Ne2 Bg7 6. Nbc3 O-O 7. O-O d6 8. a3 a6 9. Rb1 Rb8 10. b4 b6 11. h3 Ne8 12. f4 Nd4 13. g4 f5 14. exf5 gxf5 15. g5 Nc7 16. h4 Bd7 17. Ng3 e5 18. Nh5 Nce6 19. Nd5 Rf7 20. Bb2 Bh8 21. Re1 Bc6 22. Bxd4 Nxd4 23. bxc5 bxc5 24. Nhf6+ Bxf6 25. Rxb8 Qxb8 26. Nxf6+ Kf8 27. Bxc6 Nxc6 28. Qa4 Qc8 29. Rb1 Rb7 30. Rb3 Rxb3 31. Qxb3 Kg7 32. Qb6 exf4 33. Kf2 h6 34. Nh5+ Kh7 35. Nxf4 hxg5 36. hxg5 Kh8 37. Qb1 Ne5 38. Qh1+ Kg8 39. Qd5+ Kh7 40. Qxd6 Ng4+ 41. Kg3 Qe8 42. Ne6 Kg8 43. Kf4 1-0

[Event "FRA-chT2 9495"]
[Site "France"]
[Date "1994.??.??"]
[Round "?"]
[White "Ross, Dave"]
[Black "Renet, Olivier"]
[Result "0-1"]
[WhiteElo "2400"]
[BlackElo "2515"]
[PlyCount "55"]
[GameId "1166638227861504"]
[EventDate "1994.??.??"]
[EventType "team"]
[EventRounds "11"]
[EventCountry "FRA"]
[SourceTitle "EXT 2008"]
[Source "ChessBase"]
[SourceDate "2007.11.25"]
[SourceVersion "1"]
[SourceVersionDate "2007.11.25"]
[SourceQuality "1"]

1. c4 e5 2. Nc3 d6 3. g3 f5 4. Bg2 Nf6 5. d3 g6 6. e4 c6 7. Nge2 Bg7 8. O-O O-O 9. Kh1 Na6 10. Rb1 Be6 11. exf5 Bxf5 12. b4 Qd7 13. Bg5 Nc7 14. b5 Ne6 15. Bxf6 Bxf6 16. bxc6 bxc6 17. Ne4 Be7 18. Qa4 Rac8 19. f4 Bg4 20. Rbe1 Qc7 21. fxe5 Rxf1+ 22. Bxf1 dxe5 23. Bg2 Rb8 24. h3 Bb4 25. Nf6+ Kh8 26. Rb1 Bxe2 27. Rxb4 Rf8 28. Qc2 0-1

[Event "Capablanca Memorial-C"]
[Site "Cienfuegos"]
[Date "1996.??.??"]
[Round "1"]
[White "Espinosa, Julio Manuel"]
[Black "Ross, Dave"]
[Result "1-0"]
[WhiteElo "2335"]
[BlackElo "2355"]
[PlyCount "58"]
[GameId "1165542714200064"]
[EventDate "1996.05.??"]
[EventType "tourn"]
[EventRounds "13"]
[EventCountry "CUB"]
[EventCategory "5"]
[SourceTitle "CBM 052 Extra"]
[Source "ChessBase"]
[SourceDate "1996.07.01"]
[SourceVersion "1"]
[SourceVersionDate "1996.07.01"]
[SourceQuality "1"]

1. e4 b6 2. d4 Bb7 3. Bd3 e6 4. Nf3 c5 5. O-O cxd4 6. c3 dxc3 7. Nxc3 Bb4 8. Bd2 Nf6 9. Re1 Bxc3 10. Bxc3 Nc6 11. Rc1 O-O 12. Bb1 d5 13. exd5 Qxd5 14. Qa4 e5 15. Bxe5 Nxe5 16. Rxe5 Qd7 17. Qxd7 Nxd7 18. Re7 Bxf3 19. gxf3 Nf6 20. a3 Rfe8 21. Rb7 Reb8 22. Rcc7 Rxb7 23. Rxb7 g5 24. Ba2 Kg7 25. Rxf7+ Kg6 26. Rc7 Rd8 27. Bb1+ Kh6 28. Bc2 Rd2 29. Kf1 g4 {1.30-2.00} 1-0

[Event "Capablanca Memorial-C"]
[Site "Cienfuegos"]
[Date "1996.??.??"]
[Round "3"]
[White "Ricaurte Lopez, Juan Carlos"]
[Black "Ross, Dave"]
[Result "1/2-1/2"]
[WhiteElo "2365"]
[BlackElo "2355"]
[PlyCount "42"]
[GameId "1165542714277888"]
[EventDate "1996.05.??"]
[EventType "tourn"]
[EventRounds "13"]
[EventCountry "CUB"]
[EventCategory "5"]
[SourceTitle "CBM 052 Extra"]
[Source "ChessBase"]
[SourceDate "1996.07.01"]
[SourceVersion "1"]
[SourceVersionDate "1996.07.01"]
[SourceQuality "1"]

1. e4 e6 2. d4 d5 3. Nc3 dxe4 4. Nxe4 Nd7 5. Nf3 Ngf6 6. Ng3 Bd6 7. Bd3 O-O 8. O-O c5 9. c3 Qc7 10. Qe2 b6 11. Ne4 Bb7 12. Nxd6 Qxd6 13. Rd1 cxd4 14. Nxd4 Qd5 15. Nf3 Qh5 16. Bf4 Nc5 17. Bc4 Rac8 18. Rd4 Rfd8 19. Rad1 Rxd4 20. Rxd4 Bd5 21. Bxd5 exd5 {1.05-1.29} 1/2-1/2

[Event "Capablanca Memorial-C"]
[Site "Cienfuegos"]
[Date "1996.??.??"]
[Round "5"]
[White "Ross, Dave"]
[Black "Perez Garcia, Rodney Oscar"]
[Result "1-0"]
[WhiteElo "2355"]
[BlackElo "2405"]
[PlyCount "71"]
[GameId "1165542714335232"]
[EventDate "1996.05.??"]
[EventType "tourn"]
[EventRounds "13"]
[EventCountry "CUB"]
[EventCategory "5"]
[SourceTitle "CBM 052 Extra"]
[Source "ChessBase"]
[SourceDate "1996.07.01"]
[SourceVersion "1"]
[SourceVersionDate "1996.07.01"]
[SourceQuality "1"]

1. Nf3 d6 2. e4 Nf6 3. c3 c5 4. Be2 g6 5. O-O Bg7 6. Re1 O-O 7. Bf1 Nc6 8. h3 Bd7 9. d4 cxd4 10. cxd4 e5 11. d5 Ne7 12. Nc3 Ne8 13. a4 f5 14. exf5 gxf5 15. Qb3 b6 16. Bg5 h6 17. Bh4 e4 18. Rad1 Bf6 19. Bxf6 Rxf6 20. Nd4 Ng6 21. Nc6 Qc8 22. Nb5 Qb7 23. f3 Kg7 24. Nbd4 exf3 25. Qxf3 Nc7 26. b4 Raf8 27. b5 Kh7 28. Bd3 Ne8 29. Re2 Ng7 30. Rde1 Bc8 31. Re7 Nxe7 32. Rxe7 Bd7 33. Ne6 Rg8 34. Ncd8 Qc8 35. Qxf5+ Rxf5 36. Bxf5+ {1.52-1.51} 1-0

[Event "Capablanca Memorial-C"]
[Site "Cienfuegos"]
[Date "1996.??.??"]
[Round "6"]
[White "Pupo, Emilio"]
[Black "Ross, Dave"]
[Result "1/2-1/2"]
[WhiteElo "2435"]
[BlackElo "2355"]
[PlyCount "42"]
[GameId "1165542714368000"]
[EventDate "1996.05.??"]
[EventType "tourn"]
[EventRounds "13"]
[EventCountry "CUB"]
[EventCategory "5"]
[SourceTitle "CBM 052 Extra"]
[Source "ChessBase"]
[SourceDate "1996.07.01"]
[SourceVersion "1"]
[SourceVersionDate "1996.07.01"]
[SourceQuality "1"]

1. e4 e6 2. d4 d5 3. Nc3 Bb4 4. e5 c5 5. a3 Bxc3+ 6. bxc3 Ne7 7. Nf3 b6 8. a4 Ba6 9. Bb5+ Bxb5 10. axb5 h6 11. h4 Nd7 12. h5 Qc7 13. Rh4 O-O 14. Rg4 Nf5 15. Bf4 Rfc8 16. Ra3 Nf8 17. Qd2 cxd4 18. Nxd4 Qc5 19. Rb3 a6 20. bxa6 Rxa6 21. Qd3 Qc4 {1.18-1.18} 1/2-1/2

[Event "Capablanca Memorial-C"]
[Site "Cienfuegos"]
[Date "1996.??.??"]
[Round "7"]
[White "Ross, Dave"]
[Black "Garcia Carey, Osmel"]
[Result "1-0"]
[WhiteElo "2355"]
[BlackElo "2335"]
[PlyCount "121"]
[GameId "1165542714392576"]
[EventDate "1996.05.??"]
[EventType "tourn"]
[EventRounds "13"]
[EventCountry "CUB"]
[EventCategory "5"]
[SourceTitle "CBM 052 Extra"]
[Source "ChessBase"]
[SourceDate "1996.07.01"]
[SourceVersion "1"]
[SourceVersionDate "1996.07.01"]
[SourceQuality "1"]

1. g3 Nf6 2. Bg2 g6 3. c4 Bg7 4. Nc3 O-O 5. d4 d6 6. Nf3 Nbd7 7. O-O e5 8. e4 exd4 9. Nxd4 Re8 10. h3 Nc5 11. Re1 a5 12. Ndb5 Bd7 13. Rb1 Bc6 14. f3 Nfd7 15. Be3 Ne6 16. Qc2 Ne5 17. b3 Bd7 18. f4 Nc6 19. Rbd1 Qc8 20. Qd2 Ne7 21. Bf2 Nf8 22. Kh2 h5 23. Bd4 Bh6 24. e5 Nf5 25. exd6 Rxe1 26. Rxe1 Nxd4 27. Qxd4 Bg7 28. Qe3 cxd6 29. Nxd6 Qd8 30. Nxf7 Qb8 31. Bd5 h4 32. Ne5+ Kh7 33. g4 Bc6 34. Ne4 Bxd5 35. Ng5+ Kg8 36. cxd5 Qd6 37. Qe4 Qb6 38. Re2 Re8 39. Qc4 Qd6 40. Ngf3 Qb4 41. Qxb4 axb4 42. Rd2 Bxe5 43. Nxe5 g5 44. Nf3 gxf4 45. Nxh4 Re4 46. Nf3 Nd7 47. Kg2 Kf8 48. Rd4 Re2+ 49. Kf1 Rxa2 50. Rxf4+ Ke7 51. Rxb4 Kd6 52. Rxb7 Nc5 53. Rf7 Ne4 54. h4 Ng3+ 55. Kg1 Kxd5 56. Re7 Ne2+ 57. Kf1 Ng3+ 58. Ke1 Rb2 59. Re5+ Kd6 60. Re3 Kd5 61. Nd2 {2.47-2.28} 1-0

[Event "Capablanca Memorial-C"]
[Site "Cienfuegos"]
[Date "1996.??.??"]
[Round "8"]
[White "Blanco Fernandez, Alvaro"]
[Black "Ross, Dave"]
[Result "1/2-1/2"]
[WhiteElo "2415"]
[BlackElo "2355"]
[PlyCount "82"]
[GameId "1165542714400768"]
[EventDate "1996.05.??"]
[EventType "tourn"]
[EventRounds "13"]
[EventCountry "CUB"]
[EventCategory "5"]
[SourceTitle "CBM 052 Extra"]
[Source "ChessBase"]
[SourceDate "1996.07.01"]
[SourceVersion "1"]
[SourceVersionDate "1996.07.01"]
[SourceQuality "1"]

1. d4 f5 2. g3 Nf6 3. Bg2 g6 4. Nf3 Bg7 5. b3 O-O 6. Bb2 c6 7. c4 Ne4 8. Nbd2 d5 9. O-O Kh8 10. Ne5 Be6 11. cxd5 cxd5 12. e3 Nd7 13. f3 Nd6 14. Qe2 Rc8 15. Rfc1 Qa5 16. Nd3 Rxc1+ 17. Rxc1 Rc8 18. Rxc8+ Nxc8 19. a4 Nd6 20. Ba3 Qc7 21. Qd1 Kg8 22. Bf1 Bf7 23. Qc1 Qxc1 24. Nxc1 Nc8 25. a5 Bf8 26. Bb5 Be8 27. Nd3 Nf6 28. Bxe8 Nxe8 29. Nb1 Nc7 30. Nc3 e6 31. Bxf8 Kxf8 32. Kf2 Ke7 33. Ke2 Nd6 34. Ne5 Nf7 35. Kd3 Nd6 36. Na4 Nc8 37. Kc3 Nd6 38. Nb2 Ndb5+ 39. Kb4 Nd6 40. Kc3 Ncb5+ 41. Kd3 Nf7 {2.04-2.01} 1/2-1/2

[Event "Capablanca Memorial-C"]
[Site "Cienfuegos"]
[Date "1996.??.??"]
[Round "10"]
[White "Hernandez Alvarez, Tania Regla"]
[Black "Ross, Dave"]
[Result "1/2-1/2"]
[WhiteElo "2240"]
[BlackElo "2355"]
[PlyCount "121"]
[GameId "1165542714462208"]
[EventDate "1996.05.??"]
[EventType "tourn"]
[EventRounds "13"]
[EventCountry "CUB"]
[EventCategory "5"]
[SourceTitle "CBM 052 Extra"]
[Source "ChessBase"]
[SourceDate "1996.07.01"]
[SourceVersion "1"]
[SourceVersionDate "1996.07.01"]
[SourceQuality "1"]

1. e4 b6 2. d4 Bb7 3. Bd3 e6 4. Nf3 c5 5. c3 Nf6 6. Qe2 Be7 7. O-O Nc6 8. a3 Na5 9. Nbd2 c4 10. Nxc4 Nxc4 11. Bxc4 Bxe4 12. Bd2 O-O 13. Rae1 Qc7 14. Ng5 Bf5 15. Ba2 b5 16. h3 h6 17. Nf3 Be4 18. Ne5 Qb7 19. f3 Bh7 20. Bb1 Bxb1 21. Rxb1 a5 22. Nd3 Rfc8 23. Rbe1 Qb6 24. Qf2 Qa6 25. Ne5 d6 26. Ng4 h5 27. Ne3 Qc6 28. Qg3 Nd5 29. Nd1 Bf8 30. Qh4 g6 31. g4 Be7 32. Bg5 Bxg5 33. Qxg5 hxg4 34. fxg4 Qe8 35. Ne3 Qd8 36. Qxd8+ Rxd8 37. Nxd5 exd5 38. Re7 Rf8 39. Rd7 Rab8 40. Rxd6 Rfd8 41. Ra6 b4 42. Ra7 bxc3 43. bxc3 Rdc8 44. Rf3 Rb2 45. Rxa5 Rc2 46. Rc5 Ra8 47. Rf2 Rc1+ 48. Rf1 Rc2 49. Rf2 Rc1+ 50. Kg2 Rxa3 51. Rc8+ Kg7 52. Rc7 Rcxc3 53. Rfxf7+ Kh6 54. Rxc3 Rxc3 55. Rd7 Kg5 56. Rxd5+ Kf4 57. Rc5 Rd3 58. d5 Rd2+ 59. Kf1 Kf3 60. Ke1 Rd4 61. Rc3+ {3.15-2.57} 1/2-1/2